| 000 | 00794cam a22002413a 4500 | ||
|---|---|---|---|
| 001 | 22509 | ||
| 003 | PGUSA | ||
| 005 | 20140828083458.0 | ||
| 008 | 070904s2007||||xxu|||||s|||||000 | eng d | ||
| 040 |
_aPGUSA _beng |
||
| 042 | _adc | ||
| 050 | 4 | _aPQ | |
| 100 | 1 |
_aPimentel, Alberto, _d1849-1925 |
|
| 245 | 1 | 0 |
_aO poeta Chiado : _b(Novas investigações sobre a sua vida e escriptos) _h[electronic resource] / _cAlberto Pimentel |
| 260 |
_bProject Gutenberg, _c2007 |
||
| 506 | _aPublic domain in the USA. | ||
| 516 | _aElectronic text | ||
| 653 | _aChiado, António Ribeiro, approximately 1520-1591 | ||
| 740 | 0 | _aO poeta Chiado (Novas investigações sobre a sua vida e escritos) | |
| 830 | 0 |
_aProject Gutenberg _v22509 |
|
| 856 | 4 | 0 | _uhttp://www.gutenberg.org/ebooks/22509 |
| 942 | _cEB | ||
| 999 |
_c251764 _d251764 |
||